000 00240nam a2200097Ia 4500
001 811019
005 20250826171533.0
008 250824s9999 xx 000 0 und d
245 0 _aKÜÇÜK MAVİ TREN
_cAYLA KUTLU
260 _bBİLGİ YAYINLARI
999 _c811019
_d811019